Statistics for Whats the Capital of.... (Multiple Choice)

Click here to take the quiz!

General Stats

  • This quiz has been taken 1,108 times
  • The average score is 11 of 15

Answer Stats

QuestionAnswer% Correct
ChadN'Djamena
88%
CanadaOttawa
85%
IcelandReykjavik
85%
SloveniaLjubljana
82%
CameroonYaounde
81%
Burkina FasoOuagadougou
78%
CambodiaPhnom Penh
77%
Republic of the CongoBrazzaville
74%
HondurasTegucigalpa
74%
ParaguayAsuncion
73%
MyanmarNaypyidaw
65%
MauritaniaNouakchott
64%
Sri LankaSri Jayawardenepura Kotte
56%
PalauNgerulmud
55%
TurkmenistanAshgabat
53%

Score Distribution

Percentile by Number Answered

Percent of People with Each Score

Your Score History

You have not taken this quiz